[Event "Daehne Cup Region 15/16 V"]
[Site "Bissendorf"]
[Date "2016.03.18"]
[Round "1"]
[White "Kothrade, Andreas"]
[Black "Baeuerlein, Johannes"]
[Result "0-1"]
[WhiteElo "1514"]
[BlackElo "1869"]
[PlyCount "53"]
[EventDate "2016.03.18"]
[EventType "k.o."]
[EventRounds "5"]
[EventCountry "GER"]
[SourceTitle "EXT 2022"]
[Source "ChessBase"]
[SourceDate "2021.10.06"]
[SourceVersion "1"]
[SourceVersionDate "2021.10.06"]
[SourceQuality "1"]

1. d4 Nf6 2. Nf3 d5 3. Bg5 Ne4 4. e3 Nxg5 5. Nxg5 e6 6. Nf3 Be7 7. Be2 0-0 8. 0-0 c5 9. c3 Nc6 10. Nbd2 a6 11. Qc2 Bd7 12. Qb3 b5 13. a3 Qb6 14. dxc5 Bxc5 15. Rad1 Rfd8 16. c4 bxc4 17. Qc3 Be7 18. b4 Bf6 19. Qc2 a5 20. Rb1 axb4 21. axb4 Nxb4 22. Nxc4 dxc4 23. Qxc4 Rab8 24. Nd2 Be7 25. Nf3 Bb5 26. Qf4 Bxe2 27. Ne5 0-1

[Event "Niedersachsen-ch op-A"]
[Site "Verden"]
[Date "2014.01.02"]
[Round "2"]
[White "Woellermann, Jan"]
[Black "Baeuerlein, Johannes"]
[Result "1/2-1/2"]
[WhiteElo "2205"]
[BlackElo "1787"]
[PlyCount "79"]
[EventDate "2014.01.02"]
[EventType "swiss"]
[EventRounds "7"]
[EventCountry "GER"]
[SourceTitle "EXT 2016"]
[Source "ChessBase"]
[SourceDate "2015.10.08"]
[SourceVersion "1"]
[SourceVersionDate "2015.10.08"]
[SourceQuality "1"]

1. d4 Nf6 2. c4 g6 3. g3 Bg7 4. Bg2 0-0 5. Nf3 d6 6. Nc3 Nbd7 7. 0-0 e5 8. e4 Re8 9. h3 a6 10. Re1 exd4 11. Nxd4 c5 12. Nc2 Ne5 13. b3 Rb8 14. Bb2 Qc7 15. Ne3 Be6 16. f4 Nc6 17. Qd2 b5 18. Ncd5 Bxd5 19. cxd5 Nd4 20. Nc2 Nxc2 21. Qxc2 Nd7 22. Bxg7 Kxg7 23. Rad1 f6 24. h4 Re7 25. h5 c4 26. bxc4 bxc4 27. Rc1 Qc5+ 28. Kh2 Nb6 29. Rb1 Rbe8 30. Qc3 a5 31. Rec1 Rb8 32. Qc2 Reb7 33. Bf1 Rc7 34. Kg2 Re8 35. Qf2 Na4 36. Rxc4 Qxf2+ 37. Kxf2 Rxc4 38. Bxc4 Rxe4 39. Rb7+ Kh6 40. Bb3 1/2-1/2

[Event "Hannover-chB"]
[Site "Lehrte"]
[Date "2013.10.20"]
[Round "7"]
[White "Almeev, Timur"]
[Black "Baeuerlein, Johannes"]
[Result "0-1"]
[WhiteElo "1747"]
[BlackElo "1684"]
[PlyCount "86"]
[EventDate "2013.10.17"]
[EventType "swiss"]
[EventRounds "7"]
[EventCountry "GER"]
[SourceTitle "EXT 2021"]
[Source "ChessBase"]
[SourceDate "2020.10.23"]
[SourceVersion "1"]
[SourceVersionDate "2020.10.23"]
[SourceQuality "1"]

1. e4 e5 2. f4 d5 3. exd5 exf4 4. Bc4 Qh4+ 5. Kf1 f3 6. Bb5+ Bd7 7. Bxd7+ Nxd7 8. Nxf3 Qc4+ 9. d3 Qxd5 10. Nc3 Qf5 11. Be3 Ngf6 12. Qe2 Be7 13. h3 0-0 14. g4 Qa5 15. Kf2 Rae8 16. a3 Nd5 17. Nxd5 Qxd5 18. Rag1 Ne5 19. Re1 Nxf3 20. Qxf3 Bh4+ 21. Kg2 Qxf3+ 22. Kxf3 Bxe1 23. Rxe1 b6 24. Re2 Re6 25. Bf4 Rxe2 26. Kxe2 Re8+ 27. Kf3 c5 28. c3 f6 29. d4 cxd4 30. cxd4 Kf7 31. d5 Rd8 32. d6 Ke6 33. Ke3 Rc8 34. Kd4 g5 35. Bg3 a5 36. b4 axb4 37. axb4 b5 38. h4 h6 39. hxg5 hxg5 40. d7 Kxd7 41. Ke4 Rc4+ 42. Kf5 Rxb4 43. Kxf6 Rxg4 0-1

[Event "Hannover-chB"]
[Site "Lehrte"]
[Date "2013.10.19"]
[Round "6"]
[White "Baeuerlein, Johannes"]
[Black "Frese, Immo"]
[Result "1/2-1/2"]
[WhiteElo "1684"]
[BlackElo "1755"]
[PlyCount "35"]
[EventDate "2013.10.17"]
[EventType "swiss"]
[EventRounds "7"]
[EventCountry "GER"]
[SourceTitle "EXT 2021"]
[Source "ChessBase"]
[SourceDate "2020.10.23"]
[SourceVersion "1"]
[SourceVersionDate "2020.10.23"]
[SourceQuality "1"]

1. e4 d5 2. exd5 Nf6 3. Bb5+ Bd7 4. Bc4 c6 5. dxc6 Nxc6 6. Nf3 Bg4 7. h3 Bh5 8. Nc3 e6 9. Be2 Nd5 10. d3 Bb4 11. Bd2 0-0 12. Nxd5 Bxd2+ 13. Qxd2 Qxd5 14. 0-0 Rfe8 15. a3 e5 16. Ne1 e4 17. Bxh5 Qxh5 18. Qe3 1/2-1/2

[Event "Langenhagen-ch op"]
[Site "Langenhagen"]
[Date "2013.09.28"]
[Round "6"]
[White "Baeuerlein, Johannes"]
[Black "Marks, Udo"]
[Result "1/2-1/2"]
[WhiteElo "1684"]
[BlackElo "1668"]
[PlyCount "38"]
[EventDate "2013.06.22"]
[EventType "swiss"]
[EventRounds "7"]
[EventCountry "GER"]
[SourceTitle "EXT 2021"]
[Source "ChessBase"]
[SourceDate "2020.10.23"]
[SourceVersion "1"]
[SourceVersionDate "2020.10.23"]
[SourceQuality "1"]

1. Nf3 d5 2. d4 e6 3. g3 f5 4. Bg2 Nf6 5. c4 b6 6. b3 Bb4+ 7. Bd2 Bxd2+ 8. Nbxd2 0-0 9. 0-0 Ne4 10. Nxe4 fxe4 11. Ne5 Nd7 12. f4 Nxe5 13. fxe5 Bd7 14. Qd2 Qe7 15. Bh3 Rxf1+ 16. Rxf1 Rf8 17. c5 Rxf1+ 18. Bxf1 Be8 19. b4 a6 1/2-1/2

[Event "Niedersachsen-ch op-A"]
[Site "Verden"]
[Date "2013.01.03"]
[Round "1"]
[White "Langenfeld, Stefan"]
[Black "Baeuerlein, Johannes"]
[Result "1-0"]
[WhiteElo "1941"]
[BlackElo "1709"]
[PlyCount "63"]
[EventDate "2013.01.03"]
[EventType "swiss"]
[EventRounds "7"]
[EventCountry "GER"]
[SourceTitle "EXT 2014"]
[Source "ChessBase"]
[SourceDate "2013.11.20"]
[SourceVersion "1"]
[SourceVersionDate "2013.11.20"]
[SourceQuality "1"]

1. e4 g6 2. d4 Bg7 3. f4 d6 4. Nf3 Nf6 5. Bd3 0-0 6. 0-0 Nbd7 7. e5 Ne8 8. c3 Nb6 9. a4 a5 10. Na3 d5 11. Nc2 c6 12. Ne3 Nd7 13. Ng5 e6 14. Qg4 Qe7 15. Qh3 h6 16. Ng4 h5 17. Nf2 Bh6 18. g4 Ng7 19. Nf3 f6 20. g5 fxg5 21. fxg5 Rxf3 22. Qxf3 Bxg5 23. Bxg5 Qxg5+ 24. Kh1 Nf8 25. Nh3 Qe7 26. Rg1 Nf5 27. Qxh5 Qg7 28. Qg5 Bd7 29. Raf1 Rc8 30. Nf4 Be8 31. Bxf5 exf5 32. Nh5 1-0

[Event "Hannover-chB"]
[Site "Lehrte"]
[Date "2012.10.21"]
[Round "3"]
[White "Hanemann, Henno"]
[Black "Baeuerlein, Johannes"]
[Result "1/2-1/2"]
[WhiteElo "1724"]
[BlackElo "1719"]
[PlyCount "52"]
[EventDate "2012.10.20"]
[EventType "swiss"]
[EventRounds "7"]
[EventCountry "GER"]
[SourceTitle "EXT 2021"]
[Source "ChessBase"]
[SourceDate "2020.10.23"]
[SourceVersion "1"]
[SourceVersionDate "2020.10.23"]
[SourceQuality "1"]

1. e3 g6 2. d4 Bg7 3. c4 d6 4. Nf3 Nf6 5. Bd3 0-0 6. 0-0 Nbd7 7. b3 e5 8. Nc3 Re8 9. dxe5 dxe5 10. e4 Nc5 11. Bc2 Bg4 12. Qe2 Ne6 13. Be3 Nd4 14. Qd1 Nh5 15. Kh1 c6 16. Rc1 Nf4 17. Bxd4 exd4 18. Ne2 Ne6 19. h3 Bxf3 20. gxf3 Qh4 21. Kg2 Rad8 22. Bd3 Qg5+ 23. Kh1 Qh5 24. Kg2 Qg5+ 25. Kh1 Qh5 26. Kg2 Qg5+ 1/2-1/2

[Event "Hannover Region-ch"]
[Site "Langenhagen"]
[Date "2012.01.28"]
[Round "2"]
[White "Baeuerlein, Johannes"]
[Black "Simon, Viktor"]
[Result "1-0"]
[WhiteElo "1521"]
[BlackElo "1412"]
[PlyCount "63"]
[EventDate "2012.01.14"]
[EventType "swiss"]
[EventRounds "7"]
[EventCountry "GER"]
[SourceTitle "EXT 2021"]
[Source "ChessBase"]
[SourceDate "2020.10.23"]
[SourceVersion "1"]
[SourceVersionDate "2020.10.23"]
[SourceQuality "1"]

1. e4 c5 2. Nf3 d6 3. d4 cxd4 4. Nxd4 Nf6 5. Nc3 a6 6. Be2 e6 7. Be3 Qc7 8. 0-0 Be7 9. f4 b5 10. Bf3 e5 11. fxe5 dxe5 12. Nf5 0-0 13. Nxe7+ Qxe7 14. Nd5 Nxd5 15. Qxd5 Bb7 16. Bc5 Re8 17. Bxe7 Bxd5 18. exd5 e4 19. Bxe4 Rxe7 20. Rfe1 Raa7 21. d6 Re6 22. Bf5 Rxe1+ 23. Rxe1 g6 24. Re7 Nc6 25. d7 gxf5 26. d8Q+ Nxd8 27. Rxa7 Ne6 28. Rxa6 Nc7 29. Rf6 Nd5 30. Rxf5 Ne3 31. Rxb5 Nxc2 32. a4 1-0

[Event "Hannover-ch U16/18"]
[Site "Lehrte"]
[Date "2011.10.16"]
[Round "4"]
[White "Barnewitz, Max Otto"]
[Black "Baeuerlein, Johannes"]
[Result "1/2-1/2"]
[WhiteElo "1310"]
[BlackElo "1586"]
[PlyCount "21"]
[EventDate "2011.10.15"]
[EventType "swiss"]
[EventRounds "7"]
[EventCountry "GER"]
[SourceTitle "EXT 2021"]
[Source "ChessBase"]
[SourceDate "2020.10.23"]
[SourceVersion "1"]
[SourceVersionDate "2020.10.23"]
[SourceQuality "1"]

1. e4 d6 2. d4 g6 3. Nf3 Bg7 4. Nc3 a6 5. Bf4 Nf6 6. Bc4 b5 7. Bb3 0-0 8. 0-0 Bb7 9. Re1 Nbd7 10. e5 Nh5 11. Bg5 1/2-1/2

[Event "Langenhagen-ch op"]
[Site "Langenhagen"]
[Date "2010.08.14"]
[Round "2"]
[White "Baeuerlein, Johannes"]
[Black "Kobs, Stephan"]
[Result "1/2-1/2"]
[WhiteElo "1467"]
[BlackElo "1853"]
[PlyCount "32"]
[EventDate "2010.07.31"]
[EventType "swiss"]
[EventRounds "7"]
[EventCountry "GER"]
[SourceTitle "EXT 2021"]
[Source "ChessBase"]
[SourceDate "2020.10.23"]
[SourceVersion "1"]
[SourceVersionDate "2020.10.23"]
[SourceQuality "1"]

1. e4 c5 2. Nf3 d6 3. d4 cxd4 4. Nxd4 Nf6 5. Nc3 a6 6. Bg5 e6 7. f4 b5 8. Qf3 Bb7 9. g4 b4 10. Bxf6 Qxf6 11. Nce2 Nd7 12. g5 Qd8 13. Ng3 Qb6 14. Nb3 Rc8 15. Bd3 Be7 16. Qf2 Qxf2+ 1/2-1/2

[Event "Hannover-ch U14"]
[Site "Stadthagen"]
[Date "2009.10.04"]
[Round "3"]
[White "Baeuerlein, Johannes"]
[Black "Neumair, Dorian"]
[Result "1/2-1/2"]
[WhiteElo "1129"]
[BlackElo "1329"]
[PlyCount "25"]
[EventDate "2009.10.03"]
[EventType "swiss"]
[EventRounds "7"]
[EventCountry "GER"]
[SourceTitle "EXT 2021"]
[Source "ChessBase"]
[SourceDate "2020.10.23"]
[SourceVersion "1"]
[SourceVersionDate "2020.10.23"]
[SourceQuality "1"]

1. e4 e5 2. Nf3 Nf6 3. Nxe5 Qe7 4. d4 d6 5. Nf3 Nxe4 6. Be2 Bf5 7. 0-0 Qf6 8. Re1 Be7 9. Bd3 d5 10. Nbd2 Nxd2 11. Bxf5 Qxf5 12. Qxd2 Nc6 13. Ne5 1/2-1/2

[Event "Niedersachsen-ch U12"]
[Site "Rotenburg"]
[Date "2009.04.10"]
[Round "11"]
[White "Finke, Maurice"]
[Black "Baeuerlein, Johannes"]
[Result "1/2-1/2"]
[WhiteElo "1241"]
[BlackElo "1003"]
[PlyCount "68"]
[EventDate "2009.04.04"]
[EventType "swiss"]
[EventRounds "11"]
[EventCountry "GER"]
[SourceTitle "EXT 2010"]
[Source "ChessBase"]
[SourceDate "2010.11.25"]
[SourceVersion "1"]
[SourceVersionDate "2010.11.25"]
[SourceQuality "1"]

1. d4 Nf6 2. c4 e6 3. Nc3 Bb4 4. Bg5 d5 5. Qb3 c5 6. e3 Nbd7 7. Nf3 b6 8. Be2 Bb7 9. 0-0 0-0 10. a3 Bxc3 11. Qxc3 Qc7 12. Bf4 Qc8 13. Rac1 Ne4 14. Qe1 a5 15. Ne5 f6 16. Nd3 dxc4 17. Rxc4 Ba6 18. Rc1 c4 19. b3 Qc6 20. f3 Ng5 21. Nb2 e5 22. dxe5 Nxe5 23. Bg3 Ne6 24. f4 Nf7 25. Bf3 Qc5 26. Bxa8 Rxa8 27. Nxc4 Bxc4 28. Rxc4 Qxa3 29. Qc3 Nc5 30. Rb1 Qa2 31. Qc2 Qxc2 32. Rxc2 h6 33. b4 axb4 34. Rxb4 Ra1+ 1/2-1/2